| 000 | 00591nam a2200205 a 4500 | ||
|---|---|---|---|
| 001 | 000012968 | ||
| 005 | 20200929163118.0 | ||
| 008 | 091118s1972 ag a 000 0 spa d | ||
| 040 |
_aDO-SdBNP _bspa _cBNPHU |
||
| 082 |
_aA862.44 _bA635m |
||
| 100 | 1 |
_aAntonietto, Elena _929907 |
|
| 245 | 1 | 0 |
_aMea culpa / _cElena Antonietto. |
| 260 |
_aArgentina : _bTalĂa, _c1972. |
||
| 300 |
_a48 p. : _bil. ; _c18 cm. |
||
| 490 | 1 | _aArgentina de teatro | |
| 650 | 4 |
_aTeatro argentino _94843 |
|
| 650 | 4 |
_aLiteratura argentina _ySIGLO XX _914711 |
|
| 830 | 0 |
_aArgentina de teatro _924483 |
|
| 049 | _aBNGR | ||
| 999 |
_c12615 _d12615 |
||